Countries Ringo Starr has Visited - Statistics

General Stats
  • This quiz has been taken 18 times
  • The average score is 31 of 38
Answer Stats
Continent Country % Correct
North America United States of America
100%
South America Argentina
88%
Oceania Australia
88%
Europe Austria
88%
South America Brazil
88%
North America Canada
88%
South America Chile
88%
Asia China
88%
South America Colombia
88%
Europe Italy
88%
Asia Japan
88%
North America Mexico
88%
South America Peru
88%
Europe Poland
88%
Asia/ Europe Russia
88%
Europe United Kingdom
88%
Europe Czech Republic
82%
Europe France
82%
Europe Germany
82%
Europe Ireland
82%
Europe Norway
82%
Asia South Korea
82%
Europe Spain
82%
Europe Sweden
82%
South America Uruguay
82%
Europe Denmark
76%
Europe Finland
76%
Europe Netherlands
76%
South America Paraguay
76%
Europe Portugal
76%
Europe Hungary
71%
Asia Israel
71%
Europe Monaco
71%
Asia Philippines
71%
North America Dominican Republic
65%
Europe Luxembourg
65%
Europe Ukraine
65%
Europe Latvia
59%
No matching quizzes found
Score Distribution
Percent of People with Each Score
Percentile by Number Answered
Your Score History
You have not taken this quiz